000 00508pab a2200169 454500
008 180718b2010 xxu||||| |||| 00| 0 eng d
100 _aMaharjan, Lachhindra
245 _aNepalese migrant workers in Amritsar, India: A study on their vulnerability towards HIV and AIDS
260 _c2010
300 _ap.59-74.
650 _aAIDS - India - Punjab
650 _aMigrant workers - India.Punjab
650 _aMigrant workers
773 _aGuru Nanak Journal of Sociology
908 _aN
909 _a92170
999 _c92170
_d92170